Представление документа в формате MARC21

Поле Инд. ПП Название Значение
Тип записи a
Библиографический уровень m
001 Контрольный номер e5ab1725-f539-40ab-a227-5b782ab5dfa4
005 Дата корректировки 20140227034231.6
008 Кодируемые данные 050303
040 a Служба первич. каталог. НБ ТвГУ
041 a Код языка текста rus
084 a Индекс другой классификации/Индекс ББК В126
a Индекс другой классификации/Индекс ББК В186
090 x Авторский знак Н59
a Полочн. индекс В126
245 10 a Заглавие Нечеткие системы поддержки принятия решений
b Продолж. заглавия сб. науч. тр.
c Ответственность М-во высш. и сред. спец. образования РСФСР, Калинин. гос. ун-т, Науч. совет АН СССР по пробл. "Искусственный интеллект"
260 0_ a Место издания Калинин
b Издательство КГУ
c Дата издания 1989
300 a Объем 108 с.
b Иллюстрации/ тип воспроизводства ил.
504 a Библиография Библиогр. в конце ст.
650 a Основная рубрика Принятие решений
x Основная подрубрика Математическая теория
653 a Ключевые слова Принятие решений
a Ключевые слова Математическая теория принятия решений
700 1_ a Другие авторы Язенин Александр Васильевич
e Роль лиц отв. ред.
852 t Порядковый номер экземпляра 3
q Физ. особенности экз. к
p Инвентарный номер 596406
p Инвентарный номер 596407
p Инвентарный номер 596410
852 t Порядковый номер экземпляра 2
p Инвентарный номер 596408
p Инвентарный номер 596409
863 t 00030647
863 t 00030644
863 t 00030645
954 a Дата поступления на обработку 200512
999 a Подразделение 2 Фил3
a Подразделение 2 Фил2